| 000 | 01028nam a2200229Ia 4500 | ||
|---|---|---|---|
| 003 | Ost | ||
| 005 | 20260507075020.0 | ||
| 008 | 260507s9999||||xx |||||||||||||| ||und|| | ||
| 020 | _a4304004977 | ||
| 040 | _cfsecg | ||
| 041 | _aara | ||
| 082 | _a657 | ||
| 100 |
_aعطية، أحمد صلاح _eمؤلف |
||
| 245 | 0 |
_aمشاكل المحاسبة والافصاح في صناديق الاستثمار / _c أحمد صلاح عطية |
|
| 260 |
_aالاسكندرية: _bالدار الجامعية, _c2003 |
||
| 300 |
_a242 صفحة؛ _bإيضاحات ؛ _c24 سم |
||
| 490 | _aسلسلة محاسبة المنشآت المالية | ||
| 520 | _aطبيعة نشاط صناديق الاستثمار- المحاسبة والافصاح عن أنشطة صناديق الاستثمار-إجراءات المحاسبة عن أنشطة صناديق الاستثمار- التقارير المحاسبية لصناديق الاستثمار | ||
| 653 | _aالاستثمار | ||
| 653 | _aالمحاسبة | ||
| 942 | _cكتاب | ||
| 999 |
_c42262 _d42262 |
||